|
|
|
|
| LEADER |
00000nab a2200000 a 4500 |
| 001 |
vtls000380832 |
| 003 |
SK-MaSNL |
| 005 |
20260303183323.0 |
| 008 |
111202c1990 xo 0 slo |
| 015 |
|
|
|a SNBRB19rr/mm-uuuuu
|
| 035 |
|
|
|a CL0380954
|
| 040 |
|
|
|a SNKBUCL
|b slo
|c SNKBUCL
|e AACR2
|
| 041 |
0 |
|
|a slo
|
| 044 |
|
|
|a xo
|c SK
|
| 080 |
|
|
|a 342.843.1:392.3:28(437.6)
|2 1981
|
| 080 |
|
|
|a 392.3
|2 1981
|
| 080 |
|
|
|a 28(437.6)
|2 1981
|
| 245 |
0 |
0 |
|a Kandidátska listina
|b Kresťanskodemokratické hnutie - kandidáti pre voľby do SNR
|
| 610 |
2 |
7 |
|a Kresťanskodemokratické hnutie (politická strana)
|2 snkbucl
|9 34649
|
| 655 |
|
7 |
|a články z novín a časopisov
|2 snkbucl
|9 267496
|
| 773 |
0 |
|
|t Slovenský denník
|g Roč. 1, č. 20 (10. 5. 1990), s. 1-2
|
| 850 |
|
|
|a Slovenská národná knižnica v Martine
|a MTA001
|
| 852 |
|
|
|a SNK
|b KIS3GCP
|
| 958 |
|
|
|a RK
|
| 992 |
|
|
|a RBX
|
| 999 |
|
|
|c 2120321
|d 2122251
|